=LDR 00000nam 2200000 4500 =001 INLIS000000000028878 =005 20200402082608 =035 ##$$a 0010-061300000028878 =008 200402################g##########0#ind## =020 ##$$a 979-494-060-7 =082 ##$$a 2x1 =084 ##$$a 2x1 SAK p =100 1#$$a Saksono, Lukman =245 1#$$a Pengantar psikologi Al-qur'an : $b Dimensi keilmuan di Mushaf Utsmani /$c Dr. Lukman Saksono, MSc, Drs. Anharudin =250 ##$$a cet.1 =260 ##$$a Jakarta :$b Grafikatama jaya,$c 1993 =300 ##$$a 252 hlm., ; $c 13 x 20 cm =650 #4$$a Al-qur'an =990 ##$$a 00092684